| 000 | 01802nam0a22003131 4500 | ||
|---|---|---|---|
| 001 | rc\3700459 | ||
| 005 | 20130115152423.3 | ||
| 021 |
_aRU _b[69-92428] |
||
| 035 | _a(NLR Aleph) 007853724 | ||
| 090 |
_a7785768 _c7785768 |
||
| 100 | _a20130115d1969 |||y0rusy50 ca | ||
| 101 | 0 | _arus | |
| 102 | _aRU | ||
| 105 | _aa z ||||| | ||
| 200 | 1 |
_aВычисление кристаллов с помощью сетки Вульфа _eМетод. пособие для студентов-заочников специальности "Геология и разведка нефт. и газовых месторождений" _fОтв. ред. д-р геол.-минерал. наук Т.А. Лапинская _gМ-во высш. и сред. спец. образования СССР. Моск. ин-т нефтехим. и газовой пром-сти им. И.М. Губкина |
|
| 205 | _a2-е изд., испр. и доп. | ||
| 210 |
_aМосква _cБ. и. _d1969 |
||
| 215 |
_a55 с., 2 отд. л. черт. _cчерт. _d21 |
||
| 300 | _a1-е изд. вышло под загл.: Методическое указание по вычислению кристаллов с помощью сетки Вульфа | ||
| 451 | 0 |
_12001#$aМетодическое указание по вычислению кристаллов с помощью сетки Вульфа _1205##$a1-е изд. |
|
| 606 |
_aКристаллические решетки _xРасчет _jПособия для заочников _2psbo |
||
| 700 | 1 |
_aКнязев _bВ. С. _gВладимир Сергеевич |
|
| 701 | 1 |
_aЧарыгин _bА. М. |
|
| 702 | 1 |
_aЛапинская _bТ. А. _4340 |
|
| 801 | 0 |
_aRU _bNLR _gpsbo |
|
| 801 | 1 |
_aRU _bELAR _2rusmarc |
|
| 852 |
_aNLR _j69-6/11021 |
||
| 942 | _cBOOK | ||
| 980 | _aNB | ||